[Event "NOR-ch U12"]
[Site "Stavanger"]
[Date "2017.07.07"]
[Round "8"]
[White "Shehzad, Alisha"]
[Black "Broch Austvoll, Andreas"]
[Result "1-0"]
[WhiteElo "1442"]
[BlackElo "1053"]
[PlyCount "120"]
[EventDate "2017.07.01"]
[EventType "swiss"]
[EventRounds "9"]
[EventCountry "NOR"]
[SourceTitle "EXT 2024"]
[Source "ChessBase"]
[SourceDate "2023.10.10"]
[SourceVersion "1"]
[SourceVersionDate "2023.10.10"]
[SourceQuality "1"]

1. e4 c5 2. Nc3 Nc6 3. Bb5 e6 4. Bxc6 bxc6 5. Nf3 Ba6 6. d3 d5 7. 0-0 g6 8. Re1 Bg7 9. Rb1 Nf6 10. h3 0-0 11. Bf4 Re8 12. Qc1 Nh5 13. Bh2 Qa5 14. Qd2 d4 15. Ne2 Qd8 16. Qg5 Qxg5 17. Nxg5 e5 18. Nf3 Bf6 19. g4 Ng7 20. g5 Bd8 21. Bxe5 Ne6 22. h4 Be7 23. Bh2 f6 24. gxf6 Bxf6 25. Kh1 Rf8 26. Bg3 Bc8 27. Nd2 Kg7 28. Nc4 Ba6 29. Nc1 Nd8 30. Nb3 Bxc4 31. dxc4 Nb7 32. Re2 Rae8 33. Rbe1 Be5 34. Bxe5+ Rxe5 35. Kg2 Nd6 36. Nd2 Rb8 37. b3 h6 38. Nb1 Rbe8 39. f3 g5 40. hxg5 hxg5 41. c3 Kf6 42. Rd2 Nf5 43. Rh1 Nh4+ 44. Kg3 Rd8 45. Rhd1 d3 46. Rxd3 Rxd3 47. Rxd3 Ke7 48. Nd2 Ng6 49. Nf1 Nf4 50. Rd2 a5 51. Ne3 Re6 52. Nf5+ Kf6 53. Kf2 Ke5 54. Rd7 Re8 55. Rd6 Rh8 56. Rh6 Rd8 57. Rxc6 Rd2+ 58. Ke1 Re2+ 59. Kd1 Rxa2 60. Rxc5+ Ke6 1-0